Odškodňování pracovních úrazů a nemocí z povolání /

Hlavní autor: Klíma, Pavel
Jazyk: Čeština
Vydáno: Praha : Metropolitan University Prague Press, 2020
Vydání: První vydání
Témata:
Fyzický popis: 273 stran ; 21 cm
Knihy
Uloženo v:
LEADER 02076nam a2200577 i 4500
001 nkc20223392334
003 CZ PrNK
005 20220318143731.0
007 ta
008 220120s2020 xr f 001 0 cze
015 |a cnb003392334 
020 |a 978-80-7638-024-0  |q (brožováno) 
035 |a (OCoLC)1310113712 
040 |a BOA001  |b cze  |d ABA001  |e rda 
043 |a e-xr--- 
072 7 |a 349  |x Pracovní, sociální, stavební právo. Právo životního prostředí  |2 Konspekt  |9 16 
080 |a 349.2  |2 MRF 
080 |a 331.106  |2 MRF 
080 |a 331.46  |2 MRF 
080 |a 331.472  |2 MRF 
080 |a 347.426.6  |2 MRF 
080 |a (437.3)  |2 MRF 
080 |a (048.8)  |2 MRF 
100 1 |a Klíma, Pavel  |7 hka20191030725  |4 aut 
245 1 0 |a Odškodňování pracovních úrazů a nemocí z povolání /  |c Pavel Klíma 
250 |a První vydání 
264 1 |a Praha :  |b Metropolitan University Prague Press,  |c 2020 
300 |a 273 stran ;  |c 21 cm 
336 |a text  |b txt  |2 rdacontent 
337 |a bez média  |b n  |2 rdamedia 
338 |a svazek  |b nc  |2 rdacarrier 
500 |a 50 výtisků 
504 |a Obsahuje bibliografii, bibliografické odkazy a rejstřík 
650 0 7 |a pracovní právo  |7 ph115872  |z Česko  |2 czenas 
650 0 7 |a pracovněprávní vztahy  |7 ph124524  |z Česko  |2 czenas 
650 0 7 |a pracovní úrazy  |7 ph124540  |z Česko  |2 czenas 
650 0 7 |a nemoci z povolání  |7 ph123217  |z Česko  |2 czenas 
650 0 7 |a náhrada škody  |7 ph123399  |z Česko  |2 czenas 
650 0 9 |a labor laws and legislation  |z Czechia  |2 eczenas 
650 0 9 |a labor-law relations  |z Czechia  |2 eczenas 
650 0 9 |a industrial accidents  |z Czechia  |2 eczenas 
650 0 9 |a occupational diseases  |z Czechia  |2 eczenas 
650 0 9 |a reparations  |z Czechia  |2 eczenas 
655 7 |a monografie  |7 fd132842  |2 czenas 
655 9 |a monographs  |2 eczenas 
910 2 |a BOA001  |b 2-1479.799 
928 9 |a Metropolitní univerzita Praha 
990 |a BK 
995 |a 01 
991 |b 202203  |c NOV 
996 6 |b 2610891912  |c 2-1479.799  |l MZK  |r Sklad / do 1 hodiny  |n 0  |p p.v.  |w 001877490  |u 000010  |a 1  |e BOA001  |j MZK50  |s P